000 01034nam a22002897a 4500
001 196
003 FISKH
005 20250425083905.0
008 230303b cb ||||| |||| 00| 0 eng d
020 _a9780590445696
040 _aYQR
_cYQR
_dOCL
_dDLC
_dFISKH
_beng
050 0 0 _aPZ7.C5487
082 0 _a813
100 1 _aClark, Margaret Goff.
245 1 0 _aFreedom crossing /
_cby Margaret Goff Clark.
260 _aNew York :
_bScholastic
_c1980.
300 _a148 p.
_c20 cm.
505 _aM
520 _aAfter spending four years with relatives in the South, a fifteen-year-old girl accepts the idea that slaves are property and is horrified to learn when she returns North that her home is a station on the underground railroad.
521 8 _a720
_bLexile
521 8 _aM
_bRaz-Plus
650 0 _aUnderground railroad
_vFiction.
655 7 _aYoung adult fiction.
_2lcsh
710 2 _aCopyright Paperback Collection (Library of Congress)
_5DLC
906 _a7
_bcbc
_ccopycat
_d2
_encip
_f19
_gy-genrareb
942 _2lcc
_cBK
_n0
999 _c196
_d196